00429nam a2200169Ia 4500003000400000005001700004008004100021020001400062040000700076041000800083082002200091100002900113245005300142260003900195300001200234365001300246OSt20230316163510.0210423s2005 xx 000 0 und d a761934286 cAL aeng a302.23 223bBELB aBEL (Bernard);others,Ed. aCommunication processes V1: media and mediation. aNew DelhibSage Publicationsc2005 a474bPB b795cINR